[Event "Turkish Championship 2019"]
[Site "Antalya-Kemer"]
[Date "2019.11.28"]
[Round "6.2"]
[White "Yilmazyerli, Mert"]
[Black "Yuksel, Atilla Koksal"]
[Result "1-0"]
[WhiteElo "2396"]
[BlackElo "2250"]
[Annotator "TA"]
[PlyCount "51"]
[EventDate "2019.11.23"]
[EventType "tourn"]
[EventCountry "TUR"]
[SourceTitle "playchess.com"]
[Source "ChessBase"]
[SourceQuality "1"]

{[%evp 9,51,50,44,30,49,44,58,62,68,64,63,60,99,99,97,95,116,123,109,127,202,179,245,193,353,327,343,320,409,404,408,399,542,533,721,532,535,523,535,522,29981,29982,5628,2935]} 1. e4 d5 2. exd5 Qxd5 3. Nc3 Qd6 4. d4 Nf6 5. Nf3 a6 6. Bd3 {B01: Scandinavian Defence} (6. Be2 g6 7. O-O Bg7 8. h3 O-O 9. Be3 Nc6 10. Qd2 e6 11. Rad1 Ne7 12. Bf4 Qd8 13. Bh6 b6 14. Bxg7 Kxg7 {½-½ (47) Giri,A (2779)-Nakamura,H (2754) Paris 2019}) 6... Bg4 7. O-O Nc6 8. Ne4 $1 {[%cal Re4d6] White is slightly better.} Nxe4 9. Bxe4 O-O-O {[%cal Rc6d4]} 10. c3 e6 11. Qa4 f6 12. b4 $146 ({Predecessor:} 12. h3 Bh5 13. Bxc6 Qxc6 14. Qxc6 bxc6 {0-1 (43) Reiss,R (1650)-Reichelt,H (1939) Leipzig 2006}) 12... Bf5 13. Bxf5 exf5 14. Rb1 Na7 (14... Qd7 $16) 15. c4 $18 Kb8 (15... b5 {keeps fighting.} 16. cxb5 Nxb5) 16. d5 b5 $2 (16... Qd7 17. Qa5 Bd6) 17. Qc2 bxc4 {[#]} 18. Rd1 $1 ({Not} 18. Qxc4 Qxd5 19. Qxa6 Qd3 $14) 18... c6 19. Qxc4 {Black must now prevent Bf4.} cxd5 20. Qd3 g6 21. Be3 Nb5 22. a4 d4 23. Bxd4 Nxd4 24. Nxd4 ({Weaker is} 24. Qxd4 Qxd4 25. Nxd4 Kb7 $11) 24... Ka8 25. Qf3+ Qd5 26. Ne6 {Accuracy: White = 98%, Black = 33%.} 1-0

[Event "Turkish Championship 2019"]
[Site "Antalya-Kemer"]
[Date "2019.11.28"]
[Round "6.3"]
[White "Gokerkan, Cem Kaan"]
[Black "Koksal, Ege"]
[Result "1-0"]
[WhiteElo "2452"]
[BlackElo "2375"]
[Annotator "TA"]
[PlyCount "65"]
[EventDate "2019.11.23"]
[EventType "tourn"]
[EventCountry "TUR"]
[SourceTitle "playchess.com"]
[Source "ChessBase"]
[SourceQuality "1"]

{[%evp 14,65,23,14,74,64,208,59,118,122,134,138,149,142,136,147,210,111,109,106,262,214,255,251,256,255,317,294,380,364,380,358,552,515,613,615,587,606,696,676,710,702,1227,1329,1276,1266,1203,1234,1149,1179,2462,2575,2270,2187]} 1. e4 e6 2. d4 d5 3. Nc3 Bb4 4. e5 Ne7 5. a3 Bxc3+ 6. bxc3 c5 7. Qg4 O-O 8. Bd3 Ng6 {[#] C18: French: 3 Nc3 Bb4: Main line: 7 h4 and 7 Qg4} (8... f5 $11 9. exf6 Rxf6) (8... f5 9. exf6 Rxf6 10. Bg5 Rf7 11. Qh5 g6 12. Qd1 Qa5 13. Bd2 e5 14. h4 e4 15. Be2 e3 16. Bxe3 Qxc3+ 17. Bd2 Qxd4 18. Nf3 Qf6 19. Bg5 Qc3+ 20. Bd2 Qf6 21. Bg5 Qc3+ 22. Bd2 Qf6 {½-½ (22) Aronian,L (2765)-Riazantsev,A (2649) St Petersburg 2018}) 9. h4 $1 $16 {[%cal Rh4h5] Threatens to win with h5.} c4 (9... f5 $14 10. Qg3 Qa5) 10. Be2 ({White has to play} 10. Bxg6 $1 $18 fxg6 11. h5) 10... f5 (10... Ne7 $14) 11. Qg3 Nc6 12. h5 Nh8 13. Bh6 $146 {[%csl Gh6][%cal Rg3g7]} ({Predecessor:} 13. Nh3 Nf7 14. h6 g6 15. Nf4 Ne7 16. a4 Kh8 17. a5 Rg8 18. Nh3 Rf8 19. Ng5 Nxg5 20. Bxg5 Qc7 21. Bf6+ Kg8 22. Qg5 Rf7 23. O-O {½-½ (23) Aberbach Peltzman,A (2139)-Mueller,K (1275) Chessfriend.com 2003}) 13... Rf7 14. Nh3 b5 (14... Qa5 $16 {was necessary.}) 15. Nf4 ({Better is} 15. Bg5 $18 Qa5 16. O-O) 15... Qa5 16. O-O Qc7 $2 (16... Kf8 $16) 17. Bf3 Ne7 18. Rfb1 Rb8 19. Bg5 Kf8 20. h6 g6 21. Bf6 Kg8 22. Qg5 a6 (22... a5 $142 23. g4 fxg4) 23. a4 $18 {White is clearly winning.} Nc6 24. axb5 axb5 25. g4 Ne7 26. Ra2 fxg4 27. Bxg4 Nf5 28. Bxf5 exf5 29. e6 Bxe6 30. Be5 {[%mdl 64] [#] Skewer} Qd8 31. Nxe6 Qxg5+ 32. Nxg5 Re8 33. Bxh8 {Accuracy: White = 72%, Black = 22%.} 1-0

[Event "Turkish Championship 2019"]
[Site "Antalya-Kemer"]
[Date "2019.11.28"]
[Round "6.4"]
[White "Cansun, Can Alp"]
[Black "Kamer, Kayra"]
[Result "0-1"]
[WhiteElo "2203"]
[BlackElo "2329"]
[Annotator "TA"]
[PlyCount "48"]
[EventDate "2019.11.23"]
[EventType "tourn"]
[EventCountry "TUR"]
[SourceTitle "playchess.com"]
[Source "ChessBase"]
[SourceQuality "1"]

{[%evp 12,170,49,46,49,53,60,54,54,51,51,39,96,31,39,33,41,0,0,0,0,-38,-21,-21,-37,-60,-58,-38,-68,-80,-77,-77,-70,-116,-113,-147,-149,-138,-118,-123,-47,-189,-183,-196,-196,-196,-196,-186,-193,-189,-189,-204,-204,-204,-195,-189,-192,-215,-209,-212,-208,-209,-202,-278,-274,-292,-291,-392,-388,-378,-357,-343,-344,-343,-334,-362,-364,-491,-489,-468,-464,-1669,-1674,-1414,-1329,-857,0,0,0,0,0,0,0,0,0,0,0,0,0,0,0,0,0,0,0,0,0,0,0,0,0,0,0,0,0,0,0,0,0,0,0,0,0,0,0,0,0,0,0,0,0,0,0,0,0,0,0,-12851,-12851,-12851,0,0,0,0,0,0,0,0,0,0,0,-29986,-29982,-12851,-29983,-29986,-29987,-29987,-29988,-12851,-27999]} 1. e4 c5 2. Nf3 e6 3. d4 cxd4 4. Nxd4 a6 5. Bd3 Bc5 6. Nb3 Be7 7. Qg4 Bf6 {B42: Sicilian: Kan Variation: 5 Bd3} 8. O-O d6 9. f4 Nc6 {White is slightly better.} 10. Nc3 Nge7 11. Be3 e5 ({Black should play} 11... O-O $14) 12. Qg3 $146 ({Better is} 12. f5 $16) ({Predecessor:} 12. Qe2 exf4 13. Bxf4 Be6 {0-1 (36) Garcia Jimenez,S (2056)-Cordova,E (2629) Linares 2017}) 12... exf4 $14 13. Bxf4 (13. Rxf4 Be5 $17) 13... Ne5 14. Nd5 Nxd5 15. exd5 O-O 16. Kh1 (16. Nd2 {feels hotter.} g6 17. Bh6 Bh4 18. Qf4 Re8 19. Nc4) 16... Nxd3 17. Qxd3 Bxb2 18. Rab1 Be5 19. Bxe5 dxe5 20. d6 Bd7 21. Qd5 Rc8 22. Qxe5 Rxc2 23. Rb2 Rxb2 24. Qxb2 Qg5 {Played: Qd8-b6} 0-1

[Event "Turkish Championship 2019"]
[Site "Antalya-Kemer"]
[Date "2019.11.28"]
[Round "6.5"]
[White "Sevgi, Volkan"]
[Black "Yilmaz, Mustafa"]
[Result "1/2-1/2"]
[WhiteElo "2325"]
[BlackElo "2605"]
[Annotator "TA"]
[PlyCount "84"]
[EventDate "2019.11.23"]
[EventType "tourn"]
[EventCountry "TUR"]
[SourceTitle "playchess.com"]
[Source "ChessBase"]
[SourceQuality "1"]

{[%evp 9,84,15,24,10,16,5,4,10,16,0,0,0,14,0,7,0,52,11,12,19,34,17,26,7,0,8,38,0,0,2,26,15,5,11,43,26,47,25,35,31,41,51,45,48,53,37,50,45,48,39,22,37,63,41,33,26,26,0,36,23,45,43,68,64,67,68,73,6,59,11,77,80,66,66,76,71,118]} 1. e4 c5 2. Nf3 d6 3. d4 cxd4 4. Qxd4 Nc6 5. Qe3 g6 6. Nc3 {B53: Sicilian: 2...d6: Lines with Qxd4} Bg7 7. Be2 Nf6 8. O-O {The position is equal.} O-O 9. h3 Be6 10. Rd1 Qc7 11. Qg5 $146 ({Predecessor:} 11. a3 Rac8 12. Rb1 a6 {½-½ (84) Demchenko,A (2679)-Sarana,A (2630) chess.com INT 2019}) 11... Rac8 12. Qh4 Rfd8 (12... Ne5 $11) 13. Nd5 Bxd5 $1 14. exd5 Na5 {[%cal Bc6a5,Ba5c4,Bc4b6,Bb6a4,Ba4c5,Bc5e6][%mdl 32]} 15. c3 Nc4 16. Nd4 Nb6 ({Avoid the trap} 16... Nxd5 $2 17. Nb5 $18) 17. Nb5 Qd7 18. c4 a6 19. Na3 Na4 20. Nc2 Re8 21. Nd4 $36 {[%mdl 2048] White is more active.} Qc7 22. Rb1 Nc5 23. Bh6 Bxh6 24. Qxh6 e6 25. dxe6 Nxe6 26. Nf5 Ne4 27. Ne3 $1 f5 28. Bf3 N6g5 29. h4 Nxf3+ 30. gxf3 Nc5 31. Nd5 Qg7 32. Qxg7+ Kxg7 33. Nf4 Rc6 34. b3 Re5 35. Rd2 b5 36. cxb5 axb5 37. Rbd1 Nb7 38. Rd5 (38. Kg2 $16) 38... Kf6 (38... Rxd5 $11 39. Rxd5 Rb6) 39. Kg2 h6 (39... Rxd5 $11 40. Rxd5 (40. Nxd5+ Ke6 $11) 40... Rc5) 40. R5d2 $16 Kf7 41. h5 gxh5 42. Nxh5 Rec5 {Accuracy: White = 50%, Black = 52%.} 1/2-1/2

[Event "Turkish Championship 2019"]
[Site "Antalya-Kemer"]
[Date "2019.11.29"]
[Round "7.1"]
[White "Kamer, Kayra"]
[Black "Sevgi, Volkan"]
[Result "1/2-1/2"]
[WhiteElo "2329"]
[BlackElo "2325"]
[Annotator "NA"]
[PlyCount "66"]
[EventDate "2019.11.23"]
[EventType "tourn"]
[EventCountry "TUR"]
[SourceTitle "playchess.com"]
[Source "ChessBase"]
[SourceQuality "1"]
[TimeControl "40/5400+30:1800+30"]

1. e4 {[%emt 0:00:30]} c6 {[%emt 0:00:30]} 2. d4 {[%emt 0:00:30]} d5 {[%emt 0:00:00]} 3. exd5 {[%emt 0:00:30]} cxd5 {[%emt 0:00:00]} 4. c4 {[%emt 0:00:00]} Nf6 {[%emt 0:00:30]} 5. Nc3 {[%emt 0:00:00]} e6 {[%emt 0:00:30]} 6. Nf3 {[%emt 0:03:30]} Bb4 {[%emt 0:00:30]} 7. Bf4 {[%emt 0:11:30] B14: Caro-Kann: Panov-Botvinnik Attack with 5...e6 and 5...g6} (7. cxd5 Nxd5 8. Qc2 Nc6 9. a3 Ba5 10. Bd3 h6 11. O-O O-O 12. Rd1 Bd7 13. Ne4 Bb6 14. Bc4 Rc8 15. Nd6 Rc7 16. Nb5 Ncb4 17. Qb3 Bxb5 18. Bxb5 {0-1 (56) Gelfand,B (2719)-Dominguez Perez,L (2752) Hengshui 2019}) 7... O-O {[%emt 0:05:30]} 8. Rc1 {[%emt 0:02:30]} Nc6 {[%emt 0:05:30]} 9. Bd3 {[%emt 0:02:30]} dxc4 {[%emt 0:01:30]} 10. Bxc4 {[%emt 0:00:00]} Nd5 {[%emt 0:06:30]} 11. Bg3 $146 {[%emt 0:01:00]} ({Predecessor:} 11. Be3 Re8 12. O-O Be7 13. Ne4 Qb6 14. Qc2 h6 15. a3 Bd7 {1-0 (44) Flach,E (2164)-Kammerer,P (1930) Frankfurt 2013}) 11... Bd7 {[%emt 0:06:30]} 12. O-O {[%emt 0:00:30]} Nxc3 {[%emt 0:01:30]} 13. bxc3 {[%emt 0:00:30]} Ba3 {[%emt 0:00:00]} 14. Rb1 {[%emt 0:00:30]} b6 {[%emt 0:05:00]} 15. Qe2 {[%emt 0:03:30]} Be7 {[%emt 0:12:30]} 16. Rfd1 {[%emt 0:06:30]} Bf6 {[%emt 0:03:30]} 17. d5 {[%emt 0:08:30]} exd5 {[%emt 0:00:30]} 18. Rxd5 {[%emt 0:00:00]} Qe8 {[%emt 0:02:30]} 19. Qd3 {[%emt 0:14:00]} Be6 {[%emt 0:07:30]} 20. Re1 {[%emt 0:00:30]} Na5 {[%emt 0:00:30]} 21. Rh5 {[%emt 0:07:30]} g6 {[%emt 0:00:30]} 22. Bxe6 {[%emt 0:00:30]} fxe6 {[%emt 0:03:30]} 23. Rh3 {[%emt 0:03:30]} Rd8 {[%emt 0:01:30]} 24. Qe3 {[%emt 0:03:30]} Nc4 {[%emt 0:03:30]} 25. Qh6 {[%emt 0:00:30]} Qf7 {[%emt 0:01:30]} 26. Bh4 {[%emt 0:04:30]} Rd7 {[%emt 0:06:30]} 27. Qf4 $11 {[%emt 0:11:20]} e5 {[%emt 0:10:29]} 28. Qg4 {[%emt 0:02:10]} Bxh4 {[%emt 0:03:56]} 29. Qxh4 {[%emt 0:02:58]} Qf4 {[%emt 0:04:37]} 30. Ng5 {[%emt 0:00:31]} Qxh4 {[%emt 0:01:55]} 31. Rxh4 {[%emt 0:00:02]} b5 {[%emt 0:00:29]} 32. a4 {[%emt 0:01:25]} a6 {[%emt 0:00:01]} 33. axb5 {[%emt 0:03:31]} axb5 {[%emt 0:00:01]} 1/2-1/2

[Event "Turkish Championship 2019"]
[Site "Antalya-Kemer"]
[Date "2019.11.29"]
[Round "7.2"]
[White "Koksal, Ege"]
[Black "Cansun, Can Alp"]
[Result "1-0"]
[WhiteElo "2375"]
[BlackElo "2203"]
[Annotator "ChessBase"]
[PlyCount "63"]
[EventDate "2019.11.23"]
[EventType "tourn"]
[EventCountry "TUR"]
[SourceTitle "playchess.com"]
[Source "ChessBase"]
[SourceQuality "1"]
[TimeControl "40/5400+30:1800+30"]

1. d4 {[%emt 0:00:30]} Nf6 {[%emt 0:00:30]} 2. c4 {[%emt 0:00:30]} e6 {[%emt 0:00:30]} 3. Nf3 {[%emt 0:00:30]} c5 {[%emt 0:00:00]} 4. d5 {[%emt 0:00:00]} b5 {[%emt 0:00:00]} 5. dxe6 {[%emt 0:00:00]} fxe6 {[%emt 0:00:00]} 6. cxb5 {[%emt 0:00:00]} d5 {[%emt 0:00:00]} 7. g3 {[%emt 0:01:00]} Bd6 {[%emt 0:00:30]} 8. Bg2 {[%emt 0:00:30]} O-O {[%emt 0:00:30]} 9. O-O {[%emt 0:00:00]} Bb7 {[%emt 0:00:00]} 10. Nbd2 {[%emt 0:00:00]} h6 {[%emt 0:17:00]} 11. b3 {[%emt 0:03:30]} a6 {[%emt 0:01:30]} 12. bxa6 {[%emt 0:00:30]} Rxa6 {[%emt 0:00:30]} 13. Bb2 {[%emt 0:00:30]} Nbd7 {[%emt 0:00:30]} 14. Qc2 {[%emt 0:02:30]} Qa8 {[%emt 0:03:30]} 15. Nh4 {[%emt 0:02:30]} Re8 {[%emt 0:09:30]} 16. Rfe1 {[%emt 0:02:30]} Ne5 {[%emt 0:07:30]} 17. e4 {[%emt 0:07:30]} d4 {[%emt 0:27:30]} 18. f4 {[%emt 0:05:30]} Neg4 {[%emt 0:00:30]} 19. e5 {[%emt 0:13:30]} c4 {[%emt 0:07:30]} 20. Bxd4 {[%emt 0:02:30]} cxb3 {[%emt 0:00:30]} 21. Nxb3 {[%emt 0:01:30]} Rc8 {[%emt 0:01:30]} 22. Qe2 {[%emt 0:00:30]} Bxg2 {[%emt 0:02:25]} 23. Nxg2 {[%emt 0:01:30]} Rac6 {[%emt 0:02:15]} 24. exf6 {[%emt 0:00:30]} Rc2 {[%emt 0:02:05]} 25. Qxe6+ {[%emt 0:00:30]} Kh7 {[%emt 0:00:00]} 26. Qe4+ {[%emt 0:00:00]} Qxe4 {[%emt 0:00:34]} 27. Rxe4 {[%emt 0:00:00]} Rxg2+ {[%emt 0:00:00]} 28. Kxg2 {[%emt 0:00:30]} Rc2+ {[%emt 0:00:00]} 29. Kf3 {[%emt 0:01:30]} h5 {[%emt 0:01:43]} 30. Re2 {[%emt 0:00:30]} Nxh2+ {[%emt 0:00:17]} 31. Ke3 {[%emt 0:00:30]} Ng4+ {[%emt 0:00:38]} 32. Ke4 {[%emt 0:00:00]} 1-0

[Event "Turkish Championship 2019"]
[Site "Antalya-Kemer"]
[Date "2019.11.29"]
[Round "7.3"]
[White "Yuksel, Atilla Koksal"]
[Black "Gokerkan, Cem Kaan"]
[Result "0-1"]
[WhiteElo "2250"]
[BlackElo "2452"]
[Annotator "ChessBase"]
[PlyCount "56"]
[EventDate "2019.11.23"]
[EventType "tourn"]
[EventCountry "TUR"]
[SourceTitle "playchess.com"]
[Source "ChessBase"]
[SourceQuality "1"]
[TimeControl "40/5400+30:1800+30"]

1. e4 {[%emt 0:01:30]} c6 {[%emt 0:00:30]} 2. d4 {[%emt 0:00:30]} d5 {[%emt 0:00:00]} 3. exd5 {[%emt 0:00:30]} cxd5 {[%emt 0:00:00]} 4. c4 {[%emt 0:00:30]} Nf6 {[%emt 0:00:00]} 5. Nc3 {[%emt 0:00:30]} e6 {[%emt 0:00:00]} 6. Bg5 {[%emt 0:00:30]} Be7 {[%emt 0:00:30]} 7. c5 {[%emt 0:00:30]} O-O {[%emt 0:00:30]} 8. Nf3 {[%emt 0:01:30]} b6 {[%emt 0:01:30]} 9. b4 {[%emt 0:02:30]} Ne4 {[%emt 0:01:30]} 10. Bxe7 {[%emt 0:02:30]} Qxe7 {[%emt 0:00:00]} 11. Rc1 {[%emt 0:01:30]} a5 {[%emt 0:02:00]} 12. a3 {[%emt 0:00:30]} axb4 {[%emt 0:00:30]} 13. axb4 {[%emt 0:00:00]} Nc6 {[%emt 0:00:30]} 14. Qb3 {[%emt 0:17:00]} Ng5 {[%emt 0:26:30]} 15. Rd1 {[%emt 0:29:30]} bxc5 {[%emt 0:02:30]} 16. dxc5 {[%emt 0:01:30]} Nxf3+ {[%emt 0:01:30]} 17. gxf3 {[%emt 0:00:30]} Qh4 {[%emt 0:05:30]} 18. b5 {[%emt 0:02:30]} Nd4 {[%emt 0:00:30]} 19. Rxd4 {[%emt 0:00:30]} Qxd4 {[%emt 0:00:30]} 20. c6 {[%emt 0:00:00]} Ra1+ {[%emt 0:00:30]} 21. Nd1 {[%emt 0:00:00]} e5 {[%emt 0:04:30]} 22. Be2 {[%emt 0:06:30]} Bh3 {[%emt 0:06:30]} 23. f4 {[%emt 0:00:30]} Bg2 {[%emt 0:00:30]} 24. Rg1 {[%emt 0:00:30]} Be4 {[%emt 0:01:30]} 25. Rg3 {[%emt 0:01:30]} exf4 {[%emt 0:03:30]} 26. Qc3 {[%emt 0:03:30]} Rxd1+ {[%emt 0:05:30]} 27. Bxd1 {[%emt 0:00:30]} fxg3 {[%emt 0:00:00]} 28. Qxd4 {[%emt 0:00:30]} gxh2 {[%emt 0:00:00]} 0-1

[Event "Turkish Championship 2019"]
[Site "Antalya-Kemer"]
[Date "2019.11.29"]
[Round "7.4"]
[White "Sanal, Vahap"]
[Black "Yilmazyerli, Mert"]
[Result "1/2-1/2"]
[WhiteElo "2545"]
[BlackElo "2396"]
[Annotator "TA"]
[PlyCount "80"]
[EventDate "2019.11.23"]
[EventType "tourn"]
[EventCountry "TUR"]
[SourceTitle "playchess.com"]
[Source "ChessBase"]
[SourceQuality "1"]

{[%evp 28,80,13,20,25,8,24,37,43,8,7,14,10,6,16,0,12,6,23,0,0,0,0,0,0,4,59,4,18,1,60,-64,-52,-214,-163,-642,-631,-511,-50,-45,-82,-54,-66,0,-101,-783,-769,-743,-724,-723,0,-637,0,-568,0]} 1. e4 e5 2. Nf3 Nc6 3. Bc4 Nf6 4. d4 exd4 5. e5 d5 6. Bb5 Ne4 7. Nxd4 Bd7 8. Bxc6 bxc6 9. O-O Bc5 10. f3 Ng5 11. f4 Ne4 12. Be3 Bb6 13. Nd2 c5 14. N4f3 Nxd2 15. Qxd2 d4 {C56: Two Knights: 4 d4 exd4 5 0-0 Nxe4} 16. Bf2 Bc6 17. b3 (17. a4 a5 18. f5 Qd5 19. Qg5 h6 20. Qxg7 O-O-O 21. Qf6 Rhg8 22. Bg3 c4 23. Kh1 {0-1 (38) Jones,G (2661)-L'Ami,E (2618) Wolvega 2014}) 17... O-O $146 {White is slightly better.} ({Predecessor:} 17... Bxf3 18. gxf3 Qd5 19. Qd3 O-O-O 20. a4 a5 21. Rad1 f6 22. Bh4 g5 23. fxg5 fxe5 24. c4 Qf7 25. Qe4 Qf4 26. Qa8+ Kd7 27. Qd5+ Kc8 28. Qa8+ Kd7 29. Qd5+ Kc8 30. Qa8+ {½-½ (30) Kulhanek,T (2302)-Rodshtein,T (2243) Czech Republic 2019}) 18. a4 Bxf3 19. gxf3 c6 20. Qd3 Qd5 21. Rfe1 Ba5 22. Re2 Rfe8 23. Bg3 Bc3 $36 {[%mdl 2048] Black is more active.} 24. Rf1 Rab8 25. f5 Rb4 $1 {[%cal Bb8b4,Bb4a4,Ba4a1][%mdl 32]} 26. f6 g6 (26... c4 $11 27. Qf5 g6) 27. Re4 (27. f4 $14) 27... c4 $11 28. bxc4 Qxc4 ({Black should try} 28... Rxc4 $11 29. Rb1 Bb4) 29. Qd1 (29. f4 $1 $14) 29... Rxa4 $15 30. Bf4 $2 (30. Be1 $1 $15) 30... Ra1 31. Bc1 $2 (31. Qd3 Rxf1+ 32. Kxf1 Qxd3+ 33. cxd3) 31... Rb8 $19 32. f4 Rbb1 $2 {[#]} (32... Qc5 $19 {...d3+ is the strong threat.} 33. Qg4 d3+ {[%mdl 64] Discovered Attack} 34. Kg2 d2 35. Bxd2 Rxf1 36. Kxf1 Bxd2) 33. Qg4 $1 $15 {[%cal Rg4c8][%mdl 512]} Bb4 {[#]} 34. Ree1 $1 {[%mdl 512]} d3 (34... Qxc2 {[#]} 35. e6 $1 $18 {[%mdl 512]}) (34... Bxe1 35. Qc8#) 35. Qc8+ Bf8 36. Ba3 $2 {[%mdl 8192]} (36. cxd3 $17 Qe6 37. Qxe6 fxe6 38. Bd2 Bc5+ 39. Kg2 Rxe1 40. Bxe1) 36... Qd4+ $19 ({Not} 36... Rxa3 37. Rxb1 Qc5+ 38. Rf2 $17) 37. Kg2 Qd5+ 38. Kg1 Qd4+ 39. Kg2 $1 {[%csl Ga3][%cal Rc8f8]} Qd5+ 40. Kg1 $1 {[%csl Ga3][%cal Rc8f8]} Qd4+ $2 {Accuracy: White = 30%, Black = 40%.} (40... Rxa3 $19 41. Rxb1 Qc5+ {[%mdl 64] Double Attack} 42. Rf2 dxc2) 1/2-1/2

[Event "Turkish Championship 2019"]
[Site "Antalya-Kemer"]
[Date "2019.11.29"]
[Round "7.5"]
[White "Ozen, Deniz"]
[Black "Haznedaroglu, Kivanc"]
[Result "1-0"]
[WhiteElo "2422"]
[BlackElo "2461"]
[Annotator "TA"]
[PlyCount "89"]
[EventDate "2019.11.23"]
[EventType "tourn"]
[EventCountry "TUR"]
[SourceTitle "playchess.com"]
[Source "ChessBase"]
[SourceQuality "1"]

{[%evp 9,89,-3,6,8,17,14,14,18,19,22,24,10,10,11,16,-8,0,7,22,20,9,6,16,10,19,18,29,29,39,44,53,45,48,41,66,52,56,51,47,44,123,121,139,138,220,233,293,20,20,20,22,19,144,120,340,355,325,200,228,230,219,227,217,195,211,223,265,236,250,250,448,455,814,760,1027,362,1167,1139,3004,2795,5314,5314]} 1. e4 e5 2. Nc3 Nf6 3. Bc4 Nc6 4. d3 Na5 5. Nge2 d6 6. O-O {C28: Vienna Game: 2...Nf6 3 Bc4 Nc6} Be7 7. a4 Nxc4 8. dxc4 {The position is equal.} c6 9. b3 Qc7 10. Qd3 O-O 11. Ba3 Be6 12. Rad1 {[%cal Ra3d6]} (12. Rfd1 Rfd8 13. Qe3 h6 14. h3 {1-0 (48) Anand,V (2783)-Santos Latasa,J (2542) Leon 2017}) 12... Rad8 13. h3 d5 $146 {aiming for ...dxc4.} ({Predecessor:} 13... Nh5 14. Qe3 {0-1 (64) Srebrnic,V (2140)-Diermair,A (2478) Slovenia 2018}) 14. Bxe7 Qxe7 15. cxd5 cxd5 16. exd5 Nxd5 17. Nxd5 Rxd5 18. Qe3 Rxd1 19. Rxd1 Qc7 20. c4 a6 21. Nc3 Re8 22. Ne4 f6 23. c5 a5 24. Rd6 Bf5 ({Better is} 24... h6 $14) 25. Nc3 $1 $16 Be6 26. Nb5 Qf7 (26... Qe7 $16) 27. Rb6 $1 $18 Bd5 28. Nd6 $2 (28. Qd2 $1 $18 Bc6 29. Nd6 {[%mdl 64] Double Attack}) 28... Qg6 $11 {[%csl Gd5][%cal Rg6g2]} 29. f3 Re7 30. Rb5 h5 (30... h6 $11) 31. Rxa5 $16 f5 $2 (31... Kh7 $16 {was called for.} 32. Rb5 Qc2) 32. Qd3 $18 Be6 33. Rb5 Qg5 34. Rxb7 Qc1+ 35. Kh2 Rxb7 36. Nxb7 {Hoping for Nd8.} Qf4+ {[#]} 37. Kg1 $1 e4 {[#]} 38. fxe4 $1 fxe4 39. Qd6 Qe3+ $2 (39... Qf5 {was necessary.}) 40. Kh2 Qxb3 (40... Qh6 $142 41. a5 e3) 41. c6 {And now Nc5! would win.} Bf5 42. Nc5 $2 (42. Qb8+ Kh7 43. Qe5) 42... Qc4 $2 (42... Qf7 43. a5 e3) 43. Qe5 {White is clearly winning.} g6 44. c7 Kh7 45. Nxe4 {Played: Qe5xf5} 1-0

[Event "Turkish Championship 2019"]
[Site "Antalya-Kemer"]
[Date "2019.11.30"]
[Round "8.1"]
[White "Yilmazyerli, Mert"]
[Black "Ozen, Deniz"]
[Result "1/2-1/2"]
[WhiteElo "2396"]
[BlackElo "2422"]
[Annotator "ChessBase"]
[PlyCount "36"]
[EventDate "2019.11.23"]
[EventType "tourn"]
[EventCountry "TUR"]
[SourceTitle "playchess.com"]
[Source "ChessBase"]
[SourceQuality "1"]
[TimeControl "40/5400+30:1800+30"]

1. c4 {[%emt 0:00:30]} e6 {[%emt 0:00:30]} 2. Nc3 {[%emt 0:00:30]} d5 {[%emt 0:00:00]} 3. d4 {[%emt 0:00:00]} Nf6 {[%emt 0:00:00]} 4. Nf3 {[%emt 0:00:00]} Bb4 {[%emt 0:00:30]} 5. Bg5 {[%emt 0:00:30]} h6 {[%emt 0:00:30]} 6. Bxf6 {[%emt 0:01:30]} Qxf6 {[%emt 0:00:30]} 7. e3 {[%emt 0:00:30]} O-O {[%emt 0:02:30]} 8. Rc1 {[%emt 0:00:30]} dxc4 {[%emt 0:00:30]} 9. Bxc4 {[%emt 0:00:30]} c5 {[%emt 0:00:30]} 10. O-O {[%emt 0:00:30]} cxd4 {[%emt 0:00:30]} 11. Nxd4 {[%emt 0:00:00]} Bd7 {[%emt 0:01:30]} 12. Qb3 {[%emt 0:01:00]} Nc6 {[%emt 0:01:30]} 13. Nxc6 {[%emt 0:00:30]} Bxc3 {[%emt 0:00:00]} 14. Rxc3 {[%emt 0:00:00]} Bxc6 {[%emt 0:00:00]} 15. Bb5 {[%emt 0:00:00]} Bd5 {[%emt 0:00:30]} 16. Bc4 {[%emt 0:00:30]} Bc6 {[%emt 0:00:30]} 17. Bb5 {[%emt 0:00:00]} Bd5 {[%emt 0:00:00]} 18. Bc4 {[%emt 0:00:00]} Bc6 {[%emt 0:00:00]} 1/2-1/2